000 01049cam a22003137a 4500
003 CHAP
005 20220329141410.0
008 971013s1985 r 00010 d
010 _a67536
011 _a68508
035 _a77980
040 _cCHAP
082 _a631.7
_bF44
100 0 0 _aFattorelli, Sergio.
_939825
245 0 _aEstudio de factibilidad de la corrección de la cuenca del Divisadero Largo, Mendoza, Argentina
260 _aMendoza :
_bInstituto Nacional de Ciencia y Técnia Hídrícas,
_c1985
300 _a179 p. :
_bgráfs.
590 _aBATCH-UPD
_b10
_c20130110
_lUCH01
_h0442
590 _aBATCH-UPD
_b10
_c20130110
_lUCH01
_h2342
590 _aBATCH-UPD
_b10
_c20130410
_lUCH01
_h1630
590 _aBATCH-UPD
_b10
_c20130914
_lUCH01
_h1112
590 _aCONVERSION
_b10
_c20130109
_lUCH01
_h1337
650 1 4 _aCuencas.
_930085
700 0 _aFernández, Pedro Carlos.
_940345
700 0 _aNardin, Donato.
_980222
901 _aBK
942 _cLIBRO
949 _a631.7 F44
_bBC
_cLIBRO
_d33724000166468
_eLIBRO
_h73164
_i77980
_mD
_si
999 _c67536
_d67536